| 000 | 00330nam a22001217a 4500 | ||
|---|---|---|---|
| 041 | _aENG | ||
| 100 | _aFAO - 85 | ||
| 245 | _aArricultural Engineering inDevelopment Guidelines for Mechanization Systems and Machinery Rehabilitation Programmes | ||
| 260 |
_aRome _bFAO _c1990 |
||
| 300 | _a63 | ||
| 650 | _aFAO | ||
| 856 | _uFAO ( 01 ) | ||
| 999 |
_c2313 _d2313 |
||